| 000 | 00287nam a22001337a 4500 | ||
|---|---|---|---|
| 999 |
_c23119 _d23119 |
||
| 003 | NUST | ||
| 005 | 20170612132629.0 | ||
| 008 | 170612b xxu||||| |||| 00| 0 eng d | ||
| 020 | _a8178086107 | ||
| 040 |
_aDLC _bDLC _cRCMS |
||
| 050 | _a621.382 PRO | ||
| 082 |
_a621.382 PRO _22nd ed. |
||
| 100 |
_aJOHN G. PROAKIS _92461 |
||
| 245 | _aCOMMUNICATION SYSTEMS ENGINEERING | ||
| 250 | _a2nd ed. | ||
| 260 |
_aINDIA _bPEARSON _cc2002 |
||
| 300 |
_axiv, 801 p. ; _bill, ; _c26 cm. |
||
| 538 | _iShelf # 15, Row # 3, Communication. | ||
| 942 |
_cBK _2ddc _h621.382 PRO |
||